[Event "AUT-chT2S 0102"]
[Site "?"]
[Date "2001.11.11"]
[Round "4.4"]
[White "Schein Karl Heinz"]
[Black "Frosch Ronald"]
[Result "1-0"]
[WhiteElo "2240"]
[BlackElo "2167"]
[PlyCount "99"]
[EventDate "2001.??.??"]
[Source "www.chesslib.no"]
[SourceDate "2004.05.04"]

1. e4 e5 2. Nf3 Nc6 3. Nc3 Nf6 4. Bb5 d6 5. d4 Bd7 6. O-O exd4 7. Nxd4 Be7 8. b3 a6 9. Nxc6 bxc6 10. Bd3 O-O 11. Bb2 Ng4 12. Qe2 Qc8 13. f4 Bf6 14. e5 Re8 15. Ne4 Be7 16. h3 Nh6 17. Qh5 Bf5 18. Rae1 Bg6 19. Qf3 d5 20. Ng5 Bxd3 21. Qxd3 Qf5 22. g4 Qxd3 23. cxd3 c5 24. Rc1 Rab8 25. Rc2 f5 26. exf6 Bxf6 27. Bxf6 gxf6 28. Nf3 Re3 29. Rxc5 Rxd3 30. Rxc7 Rb4 31. f5 Nf7 32. Kg2 h5 33. gxh5 Rf4 34. Nh2 Rd2+ 35. Kg3 Rxf1 36. Nxf1 Rxa2 37. Ne3 d4 38. Ng4 d3 39. Nxf6+ Kg7 40. Ne4 Rb2 41. f6+ Kg8 42. Rc8+ Kh7 43. Rf8 Nd6 44. Nxd6 d2 45. f7 Rxb3+ 46. Kf2 d1=Q 47. Rh8+ Kxh8 48. f8=Q+ Kh7 49. Qf7+ Kh8 50. Qf6+ 1-0

[Event "Makarczyk mem"]
[Site "Lodz"]
[Date "1978.??.??"]
[Round "15"]
[White "Swic, Waldemar"]
[Black "Luczak, Andrzej"]
[Result "1/2-1/2"]
[WhiteElo "2200"]
[BlackElo "2200"]
[PlyCount "27"]
[EventDate "1978.04.??"]
[Source "ChessBase"]

1. e4 e5 2. Nf3 Nc6 3. Bb5 Nf6 4. O-O d6 5. d4 Bd7 6. Nc3 exd4 7. Nxd4 Be7 8. Nxc6 bxc6 9. Ba4 O-O 10. h3 d5 11. e5 Ne8 12. Qd3 Bc5 13. Be3 Bb6 14. Rad1 1/2-1/2

[Event "Litomysl op"]
[Site "?"]
[Date "1996.??.??"]
[Round "2"]
[White "Pisk Petr"]
[Black "Nisztuk Michal"]
[Result "1-0"]
[WhiteElo "2305"]
[BlackElo "2080"]
[PlyCount "81"]
[EventDate "1996.??.??"]
[Source "www.chesslib.no"]
[SourceDate "2004.05.04"]

1. e4 e5 2. Nf3 Nc6 3. Bb5 Nf6 4. O-O d6 5. d4 Bd7 6. Nc3 exd4 7. Nxd4 Nxd4 8. Bxd7+ Qxd7 9. Qxd4 c5 10. Qd3 Be7 11. Rd1 Rd8 12. b3 O-O 13. Bb2 Qg4 14. Nd5 Rfe8 15. Bxf6 Bxf6 16. Nxf6+ gxf6 17. f3 Qg5 18. Qd2 Kg7 19. Qxg5+ fxg5 20. Rd5 Re5 21. Rad1 Rxd5 22. Rxd5 f6 23. Kf2 Kf7 24. Kg3 Ke6 25. h4 h6 26. f4 Rg8 27. hxg5 hxg5 28. fxg5 b5 29. Kf4 a5 30. g4 fxg5+ 31. Rxg5 Ra8 32. Rg6+ Kd7 33. Rg7+ Kc6 34. g5 b4 35. g6 a4 36. bxa4 Rxa4 37. Rg8 Rxa2 38. g7 Rxc2 39. Rc8+ Kb5 40. g8=Q c4 41. Qe8+ 1-0

[Event "Internacional da Pre-Amazonia"]
[Site "?"]
[Date "2003.07.06"]
[Round "2.5"]
[White "Pelikian Jefferson"]
[Black "Fellip Israel"]
[Result "1-0"]
[WhiteElo "2415"]
[BlackElo "1953"]
[PlyCount "52"]
[EventDate "2003.??.??"]
[Source "www.chesslib.no"]
[SourceDate "2004.05.04"]

1. e4 e5 2. Nf3 Nc6 3. Bb5 d6 4. d4 Bd7 5. Nc3 Nf6 6. O-O exd4 7. Nxd4 Be7 8. Re1 O-O 9. Bxc6 bxc6 10. Qf3 h6 11. Bf4 c5 12. Nb3 Bc6 13. Rad1 Qc8 14. h3 a5 15. Nd2 Nd7 16. Nf1 Bf6 17. Ng3 Ne5 18. Qe2 Ng6 19. Bc1 Qa6 20. Qh5 Qc4 21. Bd2 Ne7 22. b3 Qe6 23. Qf3 Be5 24. Qd3 Qg6 25. f4 Bd4+ 26. Kh2 f5 1-0

[Event "Dortmund op-A"]
[Site "?"]
[Date "2003.08.08"]
[Round "7"]
[White "Picatoste Verdejo Sergio"]
[Black "Terwey Matthias"]
[Result "0-1"]
[WhiteElo "2150"]
[BlackElo "2101"]
[PlyCount "92"]
[EventDate "2003.??.??"]
[Source "www.chesslib.no"]
[SourceDate "2004.05.04"]

1. e4 e5 2. Nf3 Nc6 3. Nc3 Nf6 4. Bb5 d6 5. O-O Bd7 6. d4 exd4 7. Nxd4 Be7 8. Be2 O-O 9. Be3 Re8 10. Qd2 Ng4 11. Bxg4 Bxg4 12. f3 Bd7 13. g4 Ne5 14. b3 c6 15. Kh1 Qa5 16. Rad1 Rad8 17. h3 b5 18. f4 Ng6 19. Nf5 b4 20. Ne2 c5 21. Nxe7+ Nxe7 22. Qxd6 Bxg4 23. Qxc5 Qxc5 24. Bxc5 Rxd1 25. Rxd1 Bxe2 26. Rd2 Bf3+ 27. Kh2 Nc6 28. e5 f6 29. Kg3 Be4 30. exf6 gxf6 31. Rd7 Re6 32. Bxa7 Nxa7 33. Rxa7 Bxc2 34. Rb7 Re4 35. Kf3 Bb1 36. h4 h6 37. Ra7 Kf8 38. Rb7 Rd4 39. Ke3 Rd3+ 40. Ke2 Rh3 41. Rxb4 Bxa2 42. Rb6 Kg7 43. b4 Rxh4 44. Kf3 h5 45. Rb8 Kg6 46. b5 Kf5 0-1

[Event "Poland"]
[Site "?"]
[Date "1999.??.??"]
[Round "?"]
[White "Wilczek Hubert"]
[Black "Sroka Janusz"]
[Result "0-1"]
[WhiteElo "2178"]
[BlackElo "2032"]
[PlyCount "88"]
[EventDate "1999.??.??"]
[Source "www.chesslib.no"]
[SourceDate "2004.05.04"]

1. e4 e5 2. Nf3 Nc6 3. Nc3 Nf6 4. Bb5 d6 5. d4 Bd7 6. O-O exd4 7. Nxd4 Be7 8. Re1 O-O 9. Bf1 Re8 10. b3 b6 11. Bb2 Bf8 12. Qd2 a6 13. f3 Nxd4 14. Qxd4 d5 15. Kh1 Bc5 16. Qd3 Nh5 17. Nxd5 Qh4 18. Bd4 Bd6 19. f4 Nxf4 20. Nxf4 Qxf4 21. g3 Qh6 22. Bg2 Rad8 23. e5 Bb5 24. Qf3 Bb4 25. c3 Be7 26. Qe4 Bg5 27. c4 Bd7 28. Re2 Re6 29. h4 Bc6 30. Qd3 Bxh4 31. Bxc6 Bxg3+ 32. Kg2 Rxc6 33. Rh1 Qg6 34. Qxg6 Rxg6 35. Rd1 Bxe5+ 36. Kf3 Bd6 37. Red2 Re8 38. Bxb6 Rf6+ 39. Kg2 Re5 40. Bf2 Rg5+ 41. Kf1 h6 42. Re1 Kh7 43. Re8 Bc5 44. Ke1 Bb4 0-1

[Event "It Open"]
[Site "Mainz GER"]
[Date "1995.??.??"]
[Round "3"]
[White "Ciolac, Gheorghe"]
[Black "Telke Juergen"]
[Result "1-0"]
[WhiteElo "2400"]
[BlackElo "1794"]
[PlyCount "49"]
[EventDate "1995.??.??"]
[Source "www.chesslib.no"]
[SourceDate "2004.05.04"]

1. e4 e5 2. Nf3 Nc6 3. Bb5 Nf6 4. O-O d6 5. d4 Bd7 6. Nc3 exd4 7. Nxd4 Nxd4 8. Qxd4 Be7 9. e5 dxe5 10. Qxe5 O-O 11. Rd1 c6 12. Bd3 Re8 13. Bg5 Bb4 14. Qd4 Be7 15. Qh4 g6 16. Re1 Nd5 17. Rxe7 Nxe7 18. Qh6 Nf5 19. Bxf5 f6 20. Bxg6 Qe7 21. Ne4 fxg5 22. Bxh7+ Kh8 23. Bf5+ Kg8 24. Nf6+ Kf7 25. Qg6+ 1-0

[Event "Bad Woerishofen"]
[Site "?"]
[Date "2001.??.??"]
[Round "7"]
[White "Kroencke Manfred"]
[Black "Wissinger Peter"]
[Result "1/2-1/2"]
[WhiteElo "2161"]
[BlackElo "1965"]
[PlyCount "48"]
[EventDate "2001.??.??"]
[Source "www.chesslib.no"]
[SourceDate "2004.05.04"]

1. e4 e5 2. Nf3 Nc6 3. Nc3 Nf6 4. Bb5 d6 5. d4 Bd7 6. O-O exd4 7. Nxd4 Be7 8. b3 O-O 9. Bxc6 bxc6 10. h3 Re8 11. Re1 Bf8 12. Bg5 h6 13. Bh4 g5 14. Bg3 c5 15. Nf3 Nh5 16. Bh2 Bg7 17. Qd3 Bc6 18. g4 Qf6 19. Nd5 Bxd5 20. exd5 Nf4 21. Bxf4 Qxf4 22. Rad1 Bf6 23. Re2 Rxe2 24. Qxe2 Kg7 1/2-1/2

[Event "POL-chT2"]
[Site "?"]
[Date "2003.09.07"]
[Round "2"]
[White "Jewulski Krzysztof"]
[Black "Czyz Andrzej"]
[Result "1/2-1/2"]
[WhiteElo "2053"]
[BlackElo "2066"]
[PlyCount "120"]
[EventDate "2003.??.??"]
[Source "www.chesslib.no"]
[SourceDate "2004.05.04"]

1. e4 e5 2. Nf3 Nc6 3. Bb5 Nf6 4. O-O d6 5. d4 Bd7 6. Nc3 exd4 7. Nxd4 Nxd4 8. Bxd7+ Nxd7 9. Qxd4 Qf6 10. Qxf6 Nxf6 11. Nd5 Nxd5 12. exd5 Kd7 13. Be3 Re8 14. Rfe1 a6 15. Bd4 Rxe1+ 16. Rxe1 f6 17. Kf1 Be7 18. Ke2 b5 19. Kd3 Rc8 20. Re3 c6 21. dxc6+ Rxc6 22. Rh3 h6 23. Rg3 Bf8 24. Re3 Rc8 25. f4 d5 26. f5 Re8 27. Ba7 Re5 28. g4 Kc6 29. Bb8 Rxe3+ 30. Kxe3 Bc5+ 31. Kd3 Be7 32. Bf4 Bc5 33. Kc3 Be7 34. h3 Bf8 35. Kd4 Be7 36. Ke3 Bc5+ 37. Kf3 Bd4 38. Bd2 Bc5 39. Kg3 Kd7 40. Kh4 Ke8 41. Kh5 Kf7 42. h4 Bd4 43. b3 Be5 44. g5 hxg5 45. hxg5 fxg5 46. Bxg5 Bb2 47. Bd8 Bc3 48. Kg5 Bd2+ 49. Kg4 Bc3 50. Kf4 g6 51. fxg6+ Kxg6 52. Ke3 Kf5 53. Kd3 Bg7 54. c4 dxc4+ 55. bxc4 Ke6 56. cxb5 axb5 57. Kc2 Kd5 58. Kb3 Kc6 59. Ba5 Bf6 60. a4 bxa4+ 1/2-1/2

[Event "2. Highlands Open A"]
[Site "?"]
[Date "2005.09.26"]
[Round "3"]
[White "Postupa Martin"]
[Black "Pavlis Jaromir"]
[Result "1/2-1/2"]
[WhiteElo "1890"]
[BlackElo "2114"]
[PlyCount "58"]
[EventDate "2005.??.??"]
[Source "www.chesslib.no"]
[SourceDate "2004.05.04"]

1. e4 e5 2. Nf3 Nc6 3. Nc3 Nf6 4. Bb5 d6 5. O-O Bd7 6. d4 exd4 7. Nxd4 Be7 8. Bxc6 bxc6 9. b3 O-O 10. Bb2 h6 11. Re1 Nh7 12. Qd3 Bf6 13. Rad1 c5 14. Nf3 Bg4 15. h3 Bh5 16. Ba1 Ng5 17. Nxg5 hxg5 18. f3 Bd4+ 19. Kh1 Bxc3 20. Qxc3 f6 21. Rd5 Qe7 22. Red1 Be8 23. Qe1 Bc6 24. R5d2 Qf7 25. Qg3 Rae8 26. Re1 Qh5 27. Ree2 Re7 28. c4 Rfe8 29. Qg4 Qxg4 1/2-1/2

[Event "Trofeo Crespi - Open A"]
[Site "Milano ITA"]
[Date "2008.12.05"]
[Round "2.7"]
[White "Zeppos, Panagiotis"]
[Black "Bisignano, Giuseppe"]
[Result "0-1"]
[WhiteElo "1823"]
[BlackElo "1903"]
[PlyCount "52"]
[EventDate "2008.12.04"]
[Source "www.chesslib.no"]
[SourceDate "2004.05.04"]

1. e4 e5 2. Nf3 Nc6 3. Bb5 d6 4. d4 Bd7 5. O-O Nf6 6. Nc3 exd4 7. Nxd4 Be7 8. Nde2 O-O 9. f4 Re8 10. h3 a6 11. Bd3 Nb4 12. e5 dxe5 13. fxe5 Bc5+ 14. Kh2 Rxe5 15. Bf4 Nxd3 16. cxd3 Re8 17. d4 Be7 18. Rc1 Nh5 19. Qb3 Nxf4 20. Nxf4 Bd6 21. Kh1 Qg5 22. Nfe2 Qh5 23. Nf4 Qh6 24. Nce2 Bb5 25. Rf2 Bxe2 26. Nxe2 Qxc1+ 0-1

[Event "Politiken Cup 24th"]
[Site "Copenhagen"]
[Date "2002.07.24"]
[Round "9"]
[White "Hansen, Alexei Cherstiouk"]
[Black "Howe, Dennis"]
[Result "1/2-1/2"]
[WhiteElo "1563"]
[BlackElo "2052"]
[PlyCount "33"]
[EventDate "2002.07.15"]
[Source "ChessBase"]
[SourceDate "2002.09.11"]

1. e4 e5 2. Nf3 Nc6 3. Bb5 Nf6 4. O-O d6 5. d4 Bd7 6. Nc3 exd4 7. Nxd4 Nxd4 8. Bxd7+ Qxd7 9. Qxd4 Be7 10. f4 O-O 11. Bd2 Qc6 12. Kh1 Qc5 13. Qd3 Ng4 14. Qg3 f5 15. Rae1 Rae8 16. h3 Nf6 17. e5 1/2-1/2

[Event "Templin (04.09.-12.09.)"]
[Site "?"]
[Date "2004.09.10"]
[Round "7.1"]
[White "Gensch Manfred"]
[Black "Uhlemann Walter"]
[Result "0-1"]
[WhiteElo "1761"]
[BlackElo "1759"]
[PlyCount "117"]
[EventDate "2004.??.??"]
[Source "www.chesslib.no"]
[SourceDate "2004.05.04"]

1. e4 e5 2. Nf3 Nc6 3. Bb5 d6 4. O-O Bd7 5. Nc3 Nf6 6. d4 exd4 7. Nxd4 Be7 8. Bf4 Ne5 9. Re1 O-O 10. h3 a6 11. Bf1 Re8 12. g4 h6 13. Re3 Nh7 14. Bh2 g5 15. Nf5 Bxf5 16. exf5 Bf6 17. Qe2 Nc6 18. Nd5 Be5 19. Bxe5 dxe5 20. Rd1 Nd4 21. Qc4 c6 22. Nc3 Qb6 23. Na4 Qc7 24. Nc5 Rad8 25. Bd3 Nf6 26. Rde1 Nd5 27. Rg3 a5 28. Be4 Nb5 29. Qb3 b6 30. Na4 Nd4 31. Qa3 Nf4 32. Qe3 Nd5 33. Bxd5 cxd5 34. Qc3 Qxc3 35. Rxc3 b5 36. Nb6 b4 37. Rg3 e4 38. Rd1 Ne2+ 39. Kg2 Nxg3 40. Kxg3 d4 41. Nc4 d3 42. b3 dxc2 43. Rc1 Rd3+ 44. Kg2 Rc3 45. Ne3 Rec8 46. Kf1 Rd3 47. Ke2 f6 48. Ke1 Kf7 49. Ke2 Ke7 50. Ke1 Kd7 51. Ke2 Kc6 52. Ke1 Kb5 53. Ke2 a4 54. Nxc2 axb3 55. axb3 Rxb3 56. Ne3 Rbc3 57. Ra1 R8c7 58. Ra8 Rh7 59. Ke1 0-1

[Event "Schleswig Holstein-ch U14"]
[Site "?"]
[Date "2002.04.09"]
[Round "5"]
[White "Denker Stephan"]
[Black "Braeutigam Torben"]
[Result "0-1"]
[WhiteElo "1453"]
[BlackElo "1427"]
[PlyCount "49"]
[EventDate "2002.??.??"]
[Source "www.chesslib.no"]
[SourceDate "2004.05.04"]

1. e4 e5 2. Nf3 Nc6 3. Bb5 Nf6 4. O-O d6 5. Nc3 Bd7 6. d4 exd4 7. Nxd4 Nxd4 8. Bxd7+ Qxd7 9. Qxd4 Be7 10. Bg5 O-O 11. Rad1 Qg4 12. Bc1 Qg6 13. f4 Ng4 14. Rf3 f5 15. Qc4+ Kh8 16. exf5 Rxf5 17. Rd5 c6 18. Rxf5 Qxf5 19. Qe4 Qxe4 20. Nxe4 d5 21. Ng3 Bc5+ 22. Kh1 Nf2+ 23. Kg1 Re8 24. Kf1 Ng4 25. Ne2 0-1

[Event "8, Budapesti Nyar op"]
[Site "?"]
[Date "1999.04.19"]
[Round "3"]
[White "Behrensen, J."]
[Black "Dalmau, Anneli"]
[Result "1-0"]
[WhiteElo "1290"]
[BlackElo "1390"]
[PlyCount "67"]
[EventDate "1998.??.??"]
[Source "www.chesslib.no"]
[SourceDate "2004.05.04"]

1. e4 e5 2. Nf3 Nc6 3. Bb5 d6 4. O-O Nf6 5. Nc3 Bd7 6. d4 exd4 7. Nxd4 Nxd4 8. Bxd7+ Qxd7 9. Qxd4 Be7 10. Bg5 O-O 11. Rad1 h6 12. Bxf6 Bxf6 13. e5 Bxe5 14. Qxe5 dxe5 15. Rxd7 Rac8 16. Nd5 Kh8 17. Nxc7 Rb8 18. Re7 f6 19. Rd1 Rbd8 20. Rxd8 Rxd8 21. h3 Rg8 22. Ne6 b6 23. Rxa7 g5 24. Ra6 Rb8 25. c4 b5 26. c5 Kg8 27. Rb6 Re8 28. Nc7 Rc8 29. Rb7 b4 30. Ra7 Kf7 31. c6 Ke7 32. Nb5+ Ke6 33. c7 Kd7 34. Rb7 1-0